000 00773naa a2200193 a 4500
001 80129
003 BD-RjUL
005 20220727134931.0
008 220727s1965 pk ||||| |||| 00| 0 urd d
035 _a(BD-RjUL)80129
040 _aBD-RjUL
_beng
_cBD-RjUL
041 _aurd
082 _223
_a371.07709
_bLAA 1965
245 1 0 _aعہد اسلامی میں تعلیمی ترقی [Ahdi Islami min Taalimi taraqi ] /
_cby by N.N.La ; mutarjim, Ikhlas Hussein Zubayri and Sultan Fatima Balkhiاین۔ این۔ لا ; مترجم ; اخلاص حسين زبيري و سلطان فاطمه بلخي
260 _aKarachi :
_bEkademy of Educational Research ,
_c1965
300 _a308 p.;
_c22 cm
650 _aEducation
_vIslam
_94156
942 _2ddc
_cBK
999 _c80129
_d80129